000 00227nam a2200097Ia 4500
008 230605s9999 xx 000 0 und d
041 _aeng
100 _aAnderws
245 _aFood and Beverage Service (Mannul)
650 _aF. B.
999 _c416987
_d416987